Statistics for Tales of Berseria Quiz

Click here to take the quiz!

General Stats

  • This quiz has been taken 109 times
  • The average score is 18 of 36

Answer Stats

HintAnswer% Correct
Her brother was sacrificed and now she wants revenge; the Lord of CalamityVelvet Crowe
99%
A young malak who discovers himself throughout the gameLaphicet
93%
A pirate earth malak with the Reaper's CurseEizen
91%
An apathetic witch who escapes from prison with youMagilou
89%
A daemon on a mission to kill his brother, also escapes from prison with youRokurou Rangetsu
81%
A former exorcist praetorEleanor Hume
78%
The Shepherd and head of the AbbeyArtorius Collbrande
77%
A high ranking exorcist who had his eye injured by the main characterOscar Dragonia
74%
A high ranking exorcist, also known as the Frozen QueenTeresa Linares
69%
The fire malak that helped the main character escape from prisonSeres
66%
A wind malak that uses pendulumsZaveid
64%
The main character's sister that died several years prior to the start of the gameCelica Crowe
58%
Wielder of the Stormhowl, also a legateShigure Rangestu
58%
A whiny norminBienfu
54%
Legate responsible for armatizationMelchior Mayvin
54%
A malak tethered by the Frozen QueenSilva
50%
The pirate ship the party uses to travelVan Eltia
49%
A little girl who misses her motherKamoana
47%
Captain of a notorious band of piratesVan Aifread
47%
The prison the party uses as a baseTitania
46%
The main character's best friend that died at the beginning of the gameNiko
45%
A former sailor turned daemonDyle
42%
A daemon swordsmithKurogane
39%
A pirate with a fear of dogsBenwick
35%
The main character's hometownAball
34%
The capital of MidgandLoegres
32%
What the Abbey uses to absorb malevolenceTherion
31%
The main character's brother who was sacrificed, who the Abbey wanted to awakenInominat
30%
A woman whose daughter was killedMedissa
28%
A wise norminGrimoirh
27%
The leader of a shadow guild, also owns a tavernTabatha Baskerville
27%
The prince of MidgandPercival Yil Mid Asgard
26%
Powerful malakhim representing the elementsEmpyreans
24%
The event that let humans see daemonsThe Opening
20%
The event that set the whole game into motionThe Advent
18%
Where the Abbey tests dragonsHexen Isle
9%

Score Distribution

Percentile by Number Answered

Percent of People with Each Score

Your Score History

You have not taken this quiz